| 000 | 00592cam a22002297i 4500 | ||
|---|---|---|---|
| 020 | _a9780310496052 | ||
| 020 | _a0310496055 | ||
| 041 | _aEnglish | ||
| 082 | 0 | 4 |
_a261.5503 _bCOP |
| 245 | 0 | 0 | _aDictionary of Christianity and science : |
| 260 |
_aUnited States of America _bHarper Collins |
||
| 300 | _a691 pages ; | ||
| 650 | 0 | _aReligion and science | |
| 650 | 0 | _aTheology | |
| 650 | 7 | _aReligion and science. | |
| 650 | 7 | _aTheology. | |
| 700 | 1 | _aCopan, Paul, | |
| 700 | 1 | _aLongman, Tremper, | |
| 700 | 1 | _aReese, Christopher L., | |
| 700 | 1 | _aStrauss, Michael G., | |
| 942 | _cBK | ||
| 999 |
_c22366 _d22366 |
||